000 00790nam a2200289Ia 4500
001 16270
003 IT-RoPAU
008 130308s9999 xx 000 0 und d
040 _aIT-RoPAU
040 _cIT-RoPAU
041 _aITALIANO
100 _aBruno Edoardo
100 _gCodice Aut. SPICS: 8742
245 _aProspettive del cinema diretto in relazione al linguaggio
245 _bTeorie e Prassi del Cinema in Italia 1950-1970
250 _a1a ed.
260 _aMILANO
260 _bMazzotta
260 _c1972 [1° Ed.:1972 - Ed.Ling.Originale:1966]
300 _a"5 p. (prefazione: no ; testo: 5 [pagine: 111-115])"
650 _aTEORICHE CINEMATOGRAFICHE
650 _eCodice materia Spics: 6805
942 _cBK
957 _71
999 _c52188
_d52188
999 _bSI
999 _g1